Cultural Anthropology : (Record no. 20914)
[ view plain ]
| 000 -LEADER | |
|---|---|
| fixed length control field | 00657nam a22002177a 4500 |
| 003 - CONTROL NUMBER IDENTIFIER | |
| control field | OSt |
| 005 - DATE AND TIME OF LATEST TRANSACTION | |
| control field | 20220118032046.0 |
| 008 - FIXED-LENGTH DATA ELEMENTS--GENERAL INFORMATION | |
| fixed length control field | 170120b xxu||||| |||| 00| 0 eng d |
| 020 ## - INTERNATIONAL STANDARD BOOK NUMBER | |
| International Standard Book Number | 0176251561 |
| 040 ## - CATALOGING SOURCE | |
| Original cataloging agency | MMU |
| Language of cataloging | eng |
| Transcribing agency | MMU |
| Modifying agency | MMU |
| 050 ## - LIBRARY OF CONGRESS CALL NUMBER | |
| Classification number | GN16.R634 2007 |
| 100 ## - MAIN ENTRY--PERSONAL NAME | |
| Personal name | Robbins, H. Richard |
| 245 ## - TITLE STATEMENT | |
| Title | Cultural Anthropology : |
| Remainder of title | A problem Based Approach/ |
| Statement of responsibility, etc. | Richard H. Robbins |
| 250 ## - EDITION STATEMENT | |
| Edition statement | 1st Canadian ed. |
| 260 ## - PUBLICATION, DISTRIBUTION, ETC. (IMPRINT) | |
| Place of publication, distribution, etc. | Toronto: |
| Name of publisher, distributor, etc. | Nelson Education, |
| Date of publication, distribution, etc. | 2006. |
| 300 ## - PHYSICAL DESCRIPTION | |
| Extent | xvi, 347 p. : |
| Other physical details | ill. : |
| 500 ## - GENERAL NOTE | |
| General note | includes bibliography and index |
| 650 ## - SUBJECT ADDED ENTRY--TOPICAL TERM | |
| Topical term or geographic name as entry element | anthropology. |
| 9 (RLIN) | 451 |
| 700 ## - ADDED ENTRY--PERSONAL NAME | |
| Personal name | Sherrie N. Larkin |
| 942 ## - ADDED ENTRY ELEMENTS (KOHA) | |
| Source of classification or shelving scheme | Library of Congress Classification |
| Koha item type | L |
| Edition | 1st Canadian ed. |
| Withdrawn status | Lost status | Source of classification or shelving scheme | Damaged status | Not for loan | Home library | Current library | Date acquired | Source of acquisition | Total Checkouts | Full call number | Barcode | Date last seen | Price effective from | Koha item type |
|---|---|---|---|---|---|---|---|---|---|---|---|---|---|---|
| Library of Congress Classification | Maasai Mara University Library -Main Campus | Maasai Mara University Library -Main Campus | 01/20/2017 | Donation -T4C | GN316. R634 2007 | 17020130 | 01/20/2017 | 01/20/2017 | L | |||||
| Library of Congress Classification | Maasai Mara University Library -Main Campus | Maasai Mara University Library -Main Campus | 02/01/2017 | Donation -T4C | GN316 .R634 2006 | 17021553 | 02/01/2017 | 02/01/2017 | L | |||||
| Library of Congress Classification | Maasai Mara University Library -Main Campus | Maasai Mara University Library -Main Campus | 02/09/2017 | Donation-T4C | GN316.R634 2007 | 17022860 | 02/09/2017 | 02/09/2017 | L | |||||
| Library of Congress Classification | Maasai Mara University Library -Main Campus | Maasai Mara University Library -Main Campus | 02/13/2017 | Donation-T4C | GN316.R634 2007 | 17023382 | 02/13/2017 | 02/13/2017 | L | |||||
| Library of Congress Classification | Maasai Mara University Library -Main Campus | Maasai Mara University Library -Main Campus | 03/13/2017 | Donation- T4C | GN316.R634 2007 | 17026890 | 06/29/2021 | 03/13/2017 | L |